<?xml version="1.0" encoding="UTF-8"?>
<collection xmlns="http://www.loc.gov/MARC21/slim">
    <record>
        <controlfield tag="001">47607</controlfield>
        <controlfield tag="005">20160220115604.0</controlfield>
        <datafield tag="037" ind1=" " ind2=" ">
            <subfield code="a">TAZ-TFG-2015-1805</subfield>
        </datafield>
        <datafield tag="041" ind1=" " ind2=" ">
            <subfield code="a">spa</subfield>
        </datafield>
        <datafield tag="100" ind1="1" ind2=" ">
            <subfield code="a">Tutor Vicente, Miguel</subfield>
        </datafield>
        <datafield tag="245" ind1="0" ind2="0">
            <subfield code="a">La recuperación de la tierra pisada en la arquitectura contemporánea</subfield>
        </datafield>
        <datafield tag="260" ind1=" " ind2=" ">
            <subfield code="a">Zaragoza</subfield>
            <subfield code="b">Universidad de Zaragoza</subfield>
            <subfield code="c">2015</subfield>
        </datafield>
        <datafield tag="506" ind1=" " ind2=" ">
            <subfield code="a">by-nc-sa</subfield>
            <subfield code="b">Creative Commons</subfield>
            <subfield code="c">3.0</subfield>
            <subfield code="u">http://creativecommons.org/licenses/by-nc-sa/3.0/</subfield>
        </datafield>
        <datafield tag="520" ind1=" " ind2=" ">
            <subfield code="a">La contemporaneidad en arquitectura debe basarse en una lectura analítica de la tradición del pasado desde la cual proponer visiones para el futuro. La arquitectura en tierra pisada no es algo ajeno a nuestro entorno sino que forma parte de la técnica constructiva local. El trabajo plantea la puesta al día de esta tradición olvidada para construir la contemporaneidad. En primer lugar se realiza una aproximación desde un punto de vista antropológico y filosófico sobre la tierra como uno de los elementos de la naturaleza y sus connotaciones en la tradición. Este análisis introspectivo de la materia se complementa con una visión más tangible del material para evaluar cómo se pretende dar respuesta a las preocupaciones sociales de la actualidad, donde además de la búsqueda del confort, la rentabilidad económica y el desarrollo social, la comunidad demanda un respeto hacia el medio ambiente, sin descuidar el diseño ni la calidad formal de sus edificios. A pesar de sus virtudes, la construcción en tierra pisada está poco implantada en la arquitectura contemporánea. Por ello, en segundo lugar, la investigación se centrará en analizar pormenorizadamente su comportamiento técnico ofreciendo visiones cruzadas sobre criterios proyectuales y sensoriales que contribuyan a explotar al máximo las propiedades de la tierra apoyándose en normativa nacional e internacional vigente al respecto. Finalmente, a partir de los criterios analizados durante la investigación se propondrá como caso de estudio una obra capaz de aglutinar las bondades de la arquitectura contemporánea mediante un material; la tierra pisada. La obra de Martin Rauch a caballo entre la artesanía y la arquitectura, pone de manifiesto valores como la técnica, la sostenibilidad y la calidad formal. A partir de la tradición constructiva local en tierra pisada este artesano logra dar una nueva dimensión a la contemporaneidad.</subfield>
        </datafield>
        <datafield tag="521" ind1=" " ind2=" ">
            <subfield code="a">Graduado en Estudios en Arquitectura</subfield>
        </datafield>
        <datafield tag="540" ind1=" " ind2=" ">
            <subfield code="a">Derechos regulados por licencia Creative Commons</subfield>
        </datafield>
        <datafield tag="700" ind1=" " ind2=" ">
            <subfield code="a">Carroquino Larraz, Santiago</subfield>
            <subfield code="e">dir.</subfield>
        </datafield>
        <datafield tag="710" ind1="2" ind2=" ">
            <subfield code="a">Universidad de Zaragoza</subfield>
            <subfield code="b">Unidad Predepartamental de Arquitectura</subfield>
            <subfield code="c">Construcciones Arquitectónicas</subfield>
        </datafield>
        <datafield tag="856" ind1="0" ind2=" ">
            <subfield code="f">628155@celes.unizar.es</subfield>
        </datafield>
        <datafield tag="856" ind1="4" ind2=" ">
            <subfield code="s">3988129</subfield>
            <subfield code="u">http://zaguan.unizar.es/record/47607/files/TAZ-TFG-2015-1805_ANE.pdf</subfield>
            <subfield code="y">Anexos (spa)</subfield>
        </datafield>
        <datafield tag="856" ind1="4" ind2=" ">
            <subfield code="s">7811319</subfield>
            <subfield code="u">http://zaguan.unizar.es/record/47607/files/TAZ-TFG-2015-1805.pdf</subfield>
            <subfield code="y">Memoria (spa)</subfield>
        </datafield>
        <datafield tag="909" ind1="C" ind2="O">
            <subfield code="o">oai:zaguan.unizar.es:47607</subfield>
            <subfield code="p">driver</subfield>
            <subfield code="p">trabajos-fin-grado</subfield>
        </datafield>
        <datafield tag="950" ind1=" " ind2=" ">
            <subfield code="a"></subfield>
        </datafield>
        <datafield tag="951" ind1=" " ind2=" ">
            <subfield code="a">deposita:2016-02-19</subfield>
        </datafield>
        <datafield tag="980" ind1=" " ind2=" ">
            <subfield code="a">TAZ</subfield>
            <subfield code="b">TFG</subfield>
            <subfield code="c">EINA</subfield>
        </datafield>
    </record>

    
</collection>